Introduction to Web Technology (Record no. 6127)

MARC details
000 -LEADER
fixed length control field 00415nam a2200157Ia 4500
008 - FIXED-LENGTH DATA ELEMENTS--GENERAL INFORMATION
fixed length control field 221030s9999 xx 000 0 und d
020 ## - INTERNATIONAL STANDARD BOOK NUMBER
ISBN 8188930008
041 ## - LANGUAGE CODE
Language code of text/sound track or separate title
082 ## - DEWEY DECIMAL CLASSIFICATION NUMBER
Classification number 105.23
Item number Sye
100 ## - MAIN ENTRY--AUTHOR NAME
Personal name Pankaj Sharma
245 #0 - TITLE STATEMENT
Title Introduction to Web Technology
Statement of responsibility, etc by Pankaj Sharma
260 ## - PUBLICATION, DISTRIBUTION, ETC. (IMPRINT)
Name of publisher Jay Kay Law Reporter Rehari Jammu
Place of publication India
Year of publication 2004
300 ## - PHYSICAL DESCRIPTION
Number of Pages 458
650 ## - SUBJECT ADDED ENTRY--TOPICAL TERM
Topical Term CSE Departmental
942 ## - ADDED ENTRY ELEMENTS (KOHA)
Koha item type Books
Holdings
Accession Number Cost, normal purchase price Full call number Price effective from Koha item type Withdrawn / writtenoff status Materials specified (bound volume or other part) Damaged status Not for loan Permanent Location Current Location Shelving location Date acquired Lost/ Missing status department
BE 7437 350.00 105.23 Sye 10/30/2022 Books   Print   Not For Loan MIET Library, Jammu MIET Library, Jammu BL-Departmental, FL-1, CUP-23, SH-2, R-2 08/16/2004   BE